Statistics for Franklin County, Ohio Cities and Villages

Click here to take the quiz!

General Stats

  • This quiz has been taken 43 times
  • The average score is 15 of 26

Answer Stats

City or VillageAnswer% Correct
CityColumbus
97%
CityDublin
88%
CityGrove City
82%
CityHilliard
79%
CityUpper Arlington
79%
CityWesterville
79%
CityWorthington
79%
CityGahanna
76%
CityReynoldsburg
76%
CityGroveport
73%
CityWhitehall
73%
CityBexley
70%
CityNew Albany
70%
VillageObetz
61%
CityGrandview Heights
55%
CityPickerington
55%
CityCanal Winchester
42%
VillageMinerva Park
39%
VillageMarble Cliff
36%
VillageRiverlea
30%
VillageBrice
24%
VillageLockbourne
24%
VillageUrbancrest
24%
VillageLithopolis
18%
VillageHarrisburg
15%
VillageValley View
15%

Score Distribution

Percentile by Number Answered

Percent of People with Each Score

Your Score History

You have not taken this quiz